<?xml version="1.0" encoding="UTF-8"?>
<record
    xmlns:xsi="http://www.w3.org/2001/XMLSchema-instance"
    xsi:schemaLocation="http://www.loc.gov/MARC21/slim http://www.loc.gov/standards/marcxml/schema/MARC21slim.xsd"
    xmlns="http://www.loc.gov/MARC21/slim">

  <leader>01097nam a2200241Ia 4500</leader>
  <controlfield tag="001">IA_Physic-chemical characteristics (pH, acidity, alcoholic degree and SO2) were normal for a red wine (3.75, 5.7 g/L, 12 % Alc. Vol. and 164 mg/L respectively). Even thought in sensorial test for attributes, "Vivante Tinto" 2006 was better that "Vivante Tinto" 2005, in preference test for pairs they were statistically equal.</controlfield>
  <controlfield tag="002">EVALUACION DE COLOR, CONTENIDO DE ANTOCIANINAS Y T</controlfield>
  <controlfield tag="008">220117s    xx            000 0 und d</controlfield>
  <datafield tag="010" ind1=" " ind2=" ">
    <subfield code="a">187621</subfield>
  </datafield>
  <datafield tag="530" ind1=" " ind2=" ">
    <subfield code="a">Disponible en PDF</subfield>
  </datafield>
  <datafield tag="583" ind1=" " ind2=" ">
    <subfield code="a">2 ej. imp.</subfield>
  </datafield>
  <datafield tag="650" ind1=" " ind2="0">
    <subfield code="a">Industria del vino</subfield>
    <subfield code="z">M&#xE9;xico  </subfield>
    <subfield code="9">149529</subfield>
  </datafield>
  <datafield tag="650" ind1=" " ind2=" ">
    <subfield code="a">Vinificaci&#xF3;n  </subfield>
    <subfield code="9">151244</subfield>
  </datafield>
  <datafield tag="650" ind1=" " ind2=" ">
    <subfield code="a">Vinos</subfield>
    <subfield code="x">An&#xE1;lisis  </subfield>
    <subfield code="9">156222</subfield>
  </datafield>
  <datafield tag="650" ind1=" " ind2="0">
    <subfield code="a">Wine industry</subfield>
    <subfield code="z">Mexico</subfield>
    <subfield code="9">149531</subfield>
  </datafield>
  <datafield tag="650" ind1=" " ind2=" ">
    <subfield code="a">Winemaking  </subfield>
    <subfield code="9">151246</subfield>
  </datafield>
  <datafield tag="650" ind1=" " ind2=" ">
    <subfield code="a">Wines</subfield>
    <subfield code="x">Analysis  </subfield>
    <subfield code="9">156224</subfield>
  </datafield>
  <datafield tag="700" ind1=" " ind2=" ">
    <subfield code="a">Esparza Torres, F&#xE9;lix, asesor</subfield>
    <subfield code="9">163648</subfield>
  </datafield>
  <datafield tag="700" ind1=" " ind2=" ">
    <subfield code="a">Rubio Hern&#xE1;ndez, David, dir. </subfield>
    <subfield code="9">148400</subfield>
  </datafield>
  <datafield tag="700" ind1=" " ind2=" ">
    <subfield code="a">Salinas Moreno, Yolanda, asesor </subfield>
    <subfield code="9">163724</subfield>
  </datafield>
  <datafield tag="942" ind1=" " ind2=" ">
    <subfield code="c">TESIS E57 2008</subfield>
  </datafield>
  <datafield tag="999" ind1=" " ind2=" ">
    <subfield code="c">187621</subfield>
    <subfield code="d">187621</subfield>
  </datafield>
</record>
